Aspekty environmentálneho manažmentu na udržateľný rozvoj

Európska únia i vláda Slovenskej republiky považuje trvalo udržateľný rozvoj za základný princíp rozvoja spoločnosti. Stálou výzvou pre Slovensko je premietať princípy trvalo udržateľného rozvoja do každodenného života, posudzovať všetky plánované i realizované aktivity prostredníctvom kritérií trva...

Descrizione completa

Salvato in:
Dettagli Bibliografici
Autore principale: Boorová, Brigita, 1979-
Natura: Capitolo di libro
Lingua:slovacco
Soggetti:
Tags: Aggiungi Tag
Nessun Tag, puoi essere il primo ad aggiungerne!!

MARC

LEADER 00000naa$a2200000$$$4500
001 0281496
005 20240502074402.7
041 0 |a slo 
044 |a SK 
245 1 0 |a Aspekty environmentálneho manažmentu na udržateľný rozvoj  |c Brigita Boorová 
520 |a Európska únia i vláda Slovenskej republiky považuje trvalo udržateľný rozvoj za základný princíp rozvoja spoločnosti. Stálou výzvou pre Slovensko je premietať princípy trvalo udržateľného rozvoja do každodenného života, posudzovať všetky plánované i realizované aktivity prostredníctvom kritérií trvalo udržateľného rozvoja a vyhodnocovať smerovanie k trvalej udržateľnosti pomocou súboru merateľných ukazovateľov trvalo udržateľného rozvoja. K merateľným ukazovateľom patria nástroje environmentálnej politiky. 
610 2 0 |a rozvoj trvalo udržateľný 
610 2 0 |a politika environmentálna 
610 2 0 |a politika ekologická 
610 2 0 |a manažment environmentálny 
100 1 |a Boorová, Brigita, 1979-